The chemical and allied industries

Gardado en:
Detalles Bibliográficos
Autor Principal: Hays, Samuel
Formato: Libro
Idioma:Undetermined
Publicado: London Heinemann Educational Books 1973
Những chủ đề:
Các nhãn: Engadir etiqueta
Sen Etiquetas, Sexa o primeiro en etiquetar este rexistro!
Thư viện lưu trữ: Trung tâm Học liệu Trường Đại học Cần Thơ
LEADER 00517nam a2200193Ia 4500
001 CTU_80920
008 210402s9999 xx 000 0 und d
082 |a 330.9 
082 |b H412 
100 |a Hays, Samuel 
245 4 |a The chemical and allied industries 
245 0 |c Samuel Hays 
260 |a London 
260 |b Heinemann Educational Books 
260 |c 1973 
650 |a Chemical industry 
650 |z Great britain 
904 |i Trọng Hải 
980 |a Trung tâm Học liệu Trường Đại học Cần Thơ